LIBRARY & INFORMATION CENTRE, KCAET, TAVANUR

ONLINE PUBLIC ACCESS CATALOGUE (OPAC)

General physics / (Record no. 253)

MARC details
000 -LEADER
fixed length control field 00453cam a2200193ua 4500
041 ## - LANGUAGE CODE
Language code of text/sound track or separate title eng
082 ## - DEWEY DECIMAL CLASSIFICATION NUMBER
Classification number 530
Item number SUN/GE
100 ## - MAIN ENTRY--AUTHOR NAME
Personal name Sundara Rajan, S .
245 ## - TITLE STATEMENT
Title General physics /
250 ## - EDITION STATEMENT
Edition statement 1 /
260 ## - PUBLICATION, DISTRIBUTION, ETC. (IMPRINT)
Place of publication Chennai :
Name of publisher S.Viswanathan ,
Year of publication 1958.
300 ## - PHYSICAL DESCRIPTION
Number of Pages 105 ; .
650 ## - SUBJECT ADDED ENTRY--TOPICAL TERM
Topical Term Physics
942 ## - ADDED ENTRY ELEMENTS (KOHA)
Koha item type Books
Holdings
Withdrawn status Lost status Damaged status Home library Current library Date acquired Cost, normal purchase price Full call number Accession Number Koha item type Public note
Withdrawn     KAUAET KAUAET 07/04/2012 2.50 530 7226 Books  
Withdrawn     KAUAET KAUAET 19/06/2020 2.50 530 SUN/GE 7225 Books  
Withdrawn     KAUAET KAUAET 19/06/2020 2.50 530 SUN/GE 7227 Books  
Withdrawn   Damaged KAUAET KAUAET 19/06/2020 2.50 530 SUN/GE 7228 Books  
Withdrawn   Damaged KAUAET KAUAET 24/06/2020 2.50 530 SUN/GE 7396 Books  
Withdrawn     KAUAET Sanskrit University 19/06/2020 2.50 530 SUN/GE 7224 Books Transferred to Sanskrit University
Withdrawn     KAUAET Sanskrit University 19/06/2020 2.50 530 SUN/GE 7229 Books Transferred to Sanskrit University
free website counter